000 01037nam a2200265Ia 4500
003 OSt
005 20220918110712.0
006 a|||||r|||| 00| 0
007 ta
008 220915b |||||||| |||| 00| 0 hin d
020 _a978818841921X (hbk (Set))
_c7000
024 _a25,401
037 _b1337, 10/03/2016, Kiran Book Service
_cReference Collections
040 _aARTS
_cARTS
_bhin
041 _2hin
_ahin
082 _aO152,1N265x, Q4.1-.6(RR)
100 _aभटनागर, महेंन्द्र
_99089
245 0 _aमहेंद्र भटनागर समग्र
246 _aMaheandra bhaṭanāgar samagra
260 _aगाजियाबाद
_bअमर प्रकाशन भारत
_c2014
490 _vखण्ड 1
650 _aहिन्दी साहित्य
942 _hO152,1N265x, Q4.1-.6(RR)
_cREF
999 _c114146
_d114146